000 01178nam 22002413 4500
001 6070
010 _a9724410927
021 _b211157/04
090 _a6070
100 _a20211231d2004 u||y0pory50 ba
200 _aLições de Sociologia
_fTheodor W. Adorno
_gtrad. João Tiago Proença, Manuel Seca de Oliveira
210 _aLisboa
_cEdições 70
_d2004
215 _a230 p,
304 _aTít. ori.: Einleitung in die Soziologie
330 _aÉ um dos textos últimos de Adorno. Nestas lições, expõe ele o núcleo essencial da teoria crítica, desenvolvida em conjunto com M. Horkheimer, e os conceitos básicos de uma análise filosófica dos fundamentos da sociedade. A disputa com o positivismo, e a crítica que lhe é feita, possibilitam um recorte nítido e mais acentuado das ideias nucleares da reflexão adorniana que, além do mais, é também uma crítica do poder que escraviza os homens.
606 _9795
_aSociologia
675 _a316
_zpor
700 _95562
_aAdorno
_bTh. W.
_f1903-1969
702 _95776
_aProença
_bJoão Tiago
_f1970-
702 _95777
_aOliveira
_bManuel Seca de
801 _aPT
_bBMVN
_gRPC
830 _cInês Silva
_d31/12/2021
990 _cLIVROS